KOHA-Header-6

Lippincott Illustrated Reviews Biochemistry (Record no. 1097)

000 -LEADER
fixed length control field 00341nam a2200133Ia 4500
008 - FIXED-LENGTH DATA ELEMENTS--GENERAL INFORMATION
fixed length control field 190722s9999 xx 000 0 und d
020 ## - INTERNATIONAL STANDARD BOOK NUMBER
International Standard Book Number 978-93-5129-794-9
100 ## - MAIN ENTRY--PERSONAL NAME
Personal name Denise R.Ferrier
245 #0 - TITLE STATEMENT
Title Lippincott Illustrated Reviews Biochemistry
250 ## - EDITION STATEMENT
Edition statement 7th
260 ## - PUBLICATION, DISTRIBUTION, ETC. (IMPRINT)
Place of publication, distribution, etc India
Name of publisher, distributor, etc Wolters Kluwer
Date of publication, distribution, etc 2017
300 ## - PHYSICAL DESCRIPTION
Extent 567
942 ## - ADDED ENTRY ELEMENTS (KOHA)
Koha item type Books
Holdings
Withdrawn status Lost status Damaged status Not for loan Collection code Permanent Location Current Location Shelving location Date acquired Total Checkouts Total Renewals Full call number Barcode Date last seen Date checked out Price effective from Koha item type
        Bio Sciences MAJU MAJU Shelf No.A37 2019-07-22 3 2 612.39 7722 2022-11-14 2022-10-25 2019-07-22 Bio Science

Powered by Koha